Organisatoriska Bakslag : Mer än Tio år Av Förändringar I Två Svenska Kommuner.

Bibliographic Details
Main Author: Jonsson, Robert.
Format: eBook
Language:Swedish
Published: Linköping : Linkopings Universitet, 2013.
Edition:1st ed.
Series:Linköping Studies in Arts and Sciences Series
Subjects:
Online Access:Click to View
LEADER 01547nam a22003613i 4500
001 EBC30401591
003 MiAaPQ
005 20240729202205.0
006 m o d |
007 cr cnu||||||||
008 240729s2013 xx o ||||0 swe d
020 |a 9789175196787  |q (electronic bk.) 
035 |a (MiAaPQ)EBC30401591 
035 |a (Au-PeEL)EBL30401591 
035 |a (OCoLC)1372395624 
040 |a MiAaPQ  |b eng  |e rda  |e pn  |c MiAaPQ  |d MiAaPQ 
100 1 |a Jonsson, Robert. 
245 1 0 |a Organisatoriska Bakslag :  |b Mer än Tio år Av Förändringar I Två Svenska Kommuner. 
250 |a 1st ed. 
264 1 |a Linköping :  |b Linkopings Universitet,  |c 2013. 
264 4 |c {copy}2013. 
300 |a 1 online resource (243 pages) 
336 |a text  |b txt  |2 rdacontent 
337 |a computer  |b c  |2 rdamedia 
338 |a online resource  |b cr  |2 rdacarrier 
490 1 |a Linköping Studies in Arts and Sciences Series ;  |v v.573 
588 |a Description based on publisher supplied metadata and other sources. 
590 |a Electronic reproduction. Ann Arbor, Michigan : ProQuest Ebook Central, 2024. Available via World Wide Web. Access may be limited to ProQuest Ebook Central affiliated libraries.  
655 4 |a Electronic books. 
776 0 8 |i Print version:  |a Jonsson, Robert  |t Organisatoriska Bakslag  |d Linköping : Linkopings Universitet,c2013 
797 2 |a ProQuest (Firm) 
830 0 |a Linköping Studies in Arts and Sciences Series 
856 4 0 |u https://ebookcentral.proquest.com/lib/matrademy/detail.action?docID=30401591  |z Click to View